Women, immigration and identities in France

Αποθηκεύτηκε σε:
Λεπτομέρειες βιβλιογραφικής εγγραφής
Άλλοι συγγραφείς: Freedman, Jane (Επιμελητής έκδοσης), Tarr, Carrie (Επιμελητής έκδοσης)
Μορφή: Βιβλίο
Γλώσσα:English
Δημοσίευση: Oxford : Berg, 2000
Θέματα:
Ετικέτες: Προσθήκη ετικέτας
Δεν υπάρχουν, Καταχωρήστε ετικέτα πρώτοι!

MARC

LEADER 00000nam a2200000 i 4500
001 1/87653
008 080604s2000 eng d
020 |a 1-85973-436-7 (pbk.) 
035 |l 10097925 
040 |a GR-MY-UA  |b gre  |e aacr 
041 0 |a eng 
082 0 |a 305.4896912  |2 (22) 
245 1 0 |a Women, immigration and identities in France /  |c edited by Jane Freedman and Carrie Tarr 
260 |a Oxford :   |b Berg,   |c 2000 
300 |a xii, 197 σ.;  |b εικ.;  |c 23 εκ. 
504 |a Βιβλιογραφία: σ. 189-197 
650 0 0 |a Women immigrants  |z France  |x Social conditions. 
650 0 0 |a Immigrants  |x Government policy  |z France. 
700 1 |a Freedman, Jane.  |4 edt 
700 1 |a Tarr, Carrie.  |4 edt 
852 |a INST  |b LESVOS  |e 20080604  |h 305.4896912 WOM  |p 005100041600  |q 005100041600  |t BK  |y 0 
901 |a BIBL1-2008-2 
909 |a Λ  |b 143915 
922 |a 1ΕΛΗ  |b 200801  |c ΕΠΕΑΕΚ2/ΤΚΑ  |d ΠΑΠΑΣΩΤΗΡΙΟΥ 
970 |a ΚΑΡΑ  |b ΓΙΑΣΕΜΗ  |z 2008/06/04